A mother's touch. (Record no. 14715)

000 -LEADER
fixed length control field 00621nam a2200205 a 4500
001 - CONTROL NUMBER
control field :::00012548$&:&@@
003 - CONTROL NUMBER IDENTIFIER
control field OkBaRHE
005 - DATE AND TIME OF LATEST TRANSACTION
control field 20110517214624.0
008 - FIXED-LENGTH DATA ELEMENTS--GENERAL INFORMATION
fixed length control field s1983 j 000 0 eng u
020 ## - INTERNATIONAL STANDARD BOOK NUMBER
International Standard Book Number 0882071017 (pbk. : cover)
040 ## - CATALOGING SOURCE
Transcribing agency
100 1# - MAIN ENTRY--PERSONAL NAME
Personal name Arndt, Elise.
245 12 - TITLE STATEMENT
Title A mother's touch.
260 ## - PUBLICATION, DISTRIBUTION, ETC. (IMPRINT)
Place of publication, distribution, etc Wheaton, Il., :
Name of publisher, distributor, etc Victor Books
Date of publication, distribution, etc 1983
300 ## - PHYSICAL DESCRIPTION
Extent 151 p. ;
Dimensions 21 cm.
650 ## - SUBJECT ADDED ENTRY--TOPICAL TERM
Topical term or geographic name as entry element Mother and child
650 ## - SUBJECT ADDED ENTRY--TOPICAL TERM
Topical term or geographic name as entry element Mothers
942 ## - ADDED ENTRY ELEMENTS (KOHA)
Source of classification or shelving scheme
Koha item type Books
Copies
Shelving location Copy number Current Location Lost status Withdrawn status Full call number Damaged status Permanent Location Date last seen Barcode Date acquired Not for loan Koha item type Source of classification or shelving scheme Price effective from
General Stacks1RHEMA Bible Training College  HQ 759 .A74 1983 RHEMA Bible Training College2011-05-17125482010-04-14 Books 2010-04-14